000
00274nam a2200121 a 4500
008
110105s1966|||| d
100
1
_a
Lenin, V.I.
245
1
0
_a
Vybrané spisy 1.diel
260
_b
VPL
_a
Bratislava
_c
1966
020
_c
22
041
_a
slo
044
_a
xo
_c
SK
999
_c
15512
_d
15512